000 00289nam a22001217a 4500
008 171023b xxu||||| |||| 00| 0 eng d
041 _aeng
080 _a338
100 _a54
101 _aMO
245 _aINFORMATION SYSTEMS FOR OPERATIONS AND MANAGEMENT
_cSHRODE, V.M
942 _2udc
_cBK
999 _c35441
_d35441